[Event "Johannesburg Redpath op"]
[Site "Johannesburg"]
[Date "2016.07.15"]
[Round "4"]
[White "February, Jesse Nikki"]
[Black "Agostinho, Diogo"]
[Result "1-0"]
[WhiteElo "1906"]
[BlackElo "2055"]
[PlyCount "89"]
[EventDate "2016.07.13"]
[EventType "swiss"]
[EventRounds "9"]
[EventCountry "RSA"]
[SourceTitle "CBM 173 Extra"]
[Source "ChessBase"]
[SourceDate "2016.08.29"]
[SourceVersion "1"]
[SourceVersionDate "2016.08.29"]
[SourceQuality "1"]

1. e4 Nf6 2. e5 Nd5 3. d4 d6 4. c4 Nb6 5. exd6 cxd6 6. Nc3 g6 7. Nf3 Bg7 8. Be2 0-0 9. Be3 Bg4 10. b3 Nc6 11. Rc1 d5 12. c5 Nc8 13. h3 Bxf3 14. Bxf3 e6 15. 0-0 N8e7 16. Nb5 Nf5 17. g4 Nxe3 18. fxe3 Qg5 19. Qe1 e5 20. Nc7 Rad8 21. h4 Qe7 22. Nxd5 Qe6 23. Nc7 Qc8 24. d5 e4 25. Bxe4 Qxg4+ 26. Bg2 Be5 27. Rc4 Qd7 28. dxc6 Qxc7 29. cxb7 Bh2+ 30. Kh1 Bg3 31. Qe2 Qe7 32. c6 Bc7 33. Qf3 Rd3 34. Re1 f5 35. h5 f4 36. Qh3 Rf5 37. hxg6 hxg6 38. Re4 Qf7 39. Qg4 f3 40. Bxf3 Qh7+ 41. Kg1 Qh2+ 42. Kf1 Kf7 43. Rd4 Bg3 44. Qxf5+ gxf5 45. Re2 1-0

[Event "Johannesburg Redpath op"]
[Site "Johannesburg"]
[Date "2016.07.13"]
[Round "1"]
[White "Agostinho, Diogo"]
[Black "Oberholzer, Imarie"]
[Result "1-0"]
[WhiteElo "2055"]
[BlackElo "1504"]
[PlyCount "89"]
[EventDate "2016.07.13"]
[EventType "swiss"]
[EventRounds "9"]
[EventCountry "RSA"]
[SourceTitle "CBM 173 Extra"]
[Source "ChessBase"]
[SourceDate "2016.08.29"]
[SourceVersion "1"]
[SourceVersionDate "2016.08.29"]
[SourceQuality "1"]

1. e4 c5 2. Nc3 d6 3. g3 g6 4. Bg2 Bg7 5. Nge2 Nf6 6. 0-0 0-0 7. d3 Nc6 8. h3 Bd7 9. f4 e6 10. g4 Ne7 11. Ng3 Qc8 12. Qf3 d5 13. f5 dxe4 14. dxe4 exf5 15. gxf5 Bc6 16. Qe2 Nd7 17. Bg5 f6 18. Bf4 Ne5 19. Bxe5 fxe5 20. Qc4+ Kh8 21. Qxc5 Qd7 22. Rad1 Qe8 23. Rd6 gxf5 24. Re6 Bf6 25. Rxf5 Qg6 26. Rexf6 Rxf6 27. Qxe7 Rxf5 28. Nxf5 Re8 29. Qc5 b6 30. Qd6 Qxd6 31. Nxd6 Re6 32. Nc8 a5 33. Nd5 b5 34. Bf3 Re8 35. Nd6 Re6 36. Nf5 Rg6+ 37. Kf2 Rg5 38. Nde7 Bd7 39. h4 Rxf5 40. Nxf5 Bxf5 41. exf5 Kg7 42. Ke3 Kf6 43. Ke4 h6 44. Be2 b4 45. b3 1-0